[Event "31. DSenEM2018-Gruppe-65"]
[Site "Radebeul"]
[Date "2019.04.28"]
[Round "3.52"]
[White "Raitza, Egon"]
[Black "Zimmermann, Manfred"]
[Result "1-0"]
[Annotator "lenovo"]
[BlackElo "1968"]
[BlackTeam "Kieler SG"]
[EventDate "2019.??.??"]
[PlyCount "110"]
[WhiteElo "1704"]
[WhiteTeam "SSC Rostock"]

1. d4 d5 2. c4 e6 3. Nc3 Nf6 4. Bg5 Be7 5. e3 Nbd7 6. Nf3 h6 7. Bh4 Ne4 8. Bxe7
Qxe7 9. cxd5 Nxc3 10. bxc3 exd5 11. Bd3 O-O 12. O-O c5 13. dxc5 Nxc5 14. Bc2
Bg4 15. Qxd5 Rad8 16. Qe5 Qxe5 17. Nxe5 Be2 18. Rfe1 Rd2 19. Bb3 Nxb3 20. axb3
a6 21. Nf3 { ( = )}  21... Bxf3 22. gxf3 Rd3 23. Rac1 Rc8 24. b4 Rcxc3 25. Rxc3
Rxc3 26. Rb1 Rc6 27. Kf1 Rb6 28. Ke2 a5 29. b5 Rd6 30. b6 Rd5 31. f4 f5 32. f3
a4 33. Rc1 Rb5 34. Rc8+ Kh7 35. Ra8 Rxb6 36. Rxa4 Rb3 37. e4 b5 38. Ra6 fxe4
39. fxe4 Rh3 40. Rb6 Rxh2+ 41. Kf3 Rb2 42. Kg4 b4 43. Kf5 b3 44. e5 Ra2 45.
Rxb3 Ra7 46. Rb6 Re7 47. e6 Re8 48. Ke5 Kg8 49. Rb7 Kf8 50. Rf7+ Kg8 51. f5 Ra8
52. Rd7 Re8 53. f6 gxf6+ 54. Kxf6 Rf8+ 55. Kg6 Re8  1-0

[Event "31. DSenEM2018-Gruppe-65"]
[Site "Radebeul"]
[Date "2019.04.28"]
[Round "3.53"]
[White "Schroeder, Christian"]
[Black "Fritsch, Jürgen"]
[Result "1-0"]
[BlackElo "1751"]
[BlackTeam "HSK Lister Turm"]
[EventDate "2019.??.??"]
[PlyCount "91"]
[WhiteElo "1957"]
[WhiteTeam "HSG Uni Rostock"]

1. d4 d5 2. c4 c6 3. Nf3 Nf6 4. Nc3 g6 5. Bf4 Bg7 6. e3 O-O 7. Bd3 dxc4 8. Bxc4
Nbd7 9. e4 Nb6 10. Bb3 Bg4 11. Qd2 Bxf3 12. gxf3 Nh5 13. Be3 e6 14. O-O-O a5
15. a3 a4 16. Ba2 Qc7 17. Ne2 Nd7 18. f4 Qa5 19. Qc2 b5 20. Bd2 Qb6 21. Be3 Qb7
22. f5 exf5 23. exf5 b4 24. axb4 Qxb4 25. fxg6 a3 26. gxh7+ Kh8 27. b3 Ndf6 28.
Rhg1 Nd5 29. Bd2 Qd6 30. Qf5 Ne7 31. Qg5 Ng6 32. h4 Bf6 33. Qg4 Bxh4 34. Nf4
Bxf2 35. Nxg6+ fxg6 36. Qxg6 Qxg6 37. Rxg6 Bxd4 38. b4 Nf6 39. Rg8+ Rxg8 40.
hxg8=Q+ Rxg8 41. Bxg8 Kxg8 42. Kb1 Ne4 43. Be1 Bb2 44. Rd7 Nf6 45. Rd6 Kf7 46.
Bg3  1-0

[Event "31. DSenEM2018-Gruppe-65"]
[Site "Radebeul"]
[Date "2019.04.28"]
[Round "3.54"]
[White "Strehlow, Horst"]
[Black "Kurpiela, Franz"]
[Result "1/2-1/2"]
[BlackElo "1731"]
[BlackTeam "TSG Öhringen"]
[EventDate "2019.??.??"]
[PlyCount "67"]
[WhiteElo "1946"]

1. e4 e5 2. Nf3 Nf6 3. d3 Nc6 4. Be2 Bc5 5. c3 d6 6. O-O Bg4 7. h3 Bxf3 8. Bxf3
h6 9. Nd2 O-O 10. Re1 a6 11. Nf1 Nh7 12. Ng3 Qh4 13. Be3 Rad8 14. Nf5 Qf6 15.
Qe2 Ne7 16. Nxe7+ Qxe7 17. Bxc5 dxc5 18. Qe3 b6 19. Bd1 Rd6 20. Bb3 Rfd8 21.
Rad1 Qd7 22. Bc2 Qb5 23. Rb1 Nf8 24. Qg3 Qe8 25. f4 exf4 26. Qxf4 Ng6 27. Qe3
Ne5 28. Rbd1 Qb5 29. Qg3 Nxd3 30. Bxd3 Rxd3 31. Rxd3 Rxd3 32. Qxc7 Qxb2 33.
Qc8+ Kh7 34. Qf5+  1/2-1/2

[Event "31. DSenEM2018-Gruppe-65"]
[Site "Radebeul"]
[Date "2019.04.28"]
[Round "3.55"]
[White "Höhne, Peter"]
[Black "Gabriel, Rolf"]
[Result "1-0"]
[BlackElo "1726"]
[BlackTeam "SV Ottendorf-Okrilla"]
[EventDate "2019.??.??"]
[PlyCount "105"]
[WhiteElo "1925"]
[WhiteTeam "SG Hohndorf"]

1. e4 e6 2. d4 d5 3. e5 c5 4. c3 Nc6 5. Nf3 Nh6 6. Bd3 cxd4 7. cxd4 f6 8. Bxh6
gxh6 9. exf6 Qxf6 10. O-O Ne7 11. Ne5 Bg7 12. Qh5+ Kf8 13. Nc3 Nc6 14. Bb5 Qf5
15. Qxf5+ exf5 16. Nxc6 bxc6 17. Bxc6 Rb8 18. Nb5 a6 19. Nd6 Ke7 20. Nxc8+
Rbxc8 21. Bxd5 Bxd4 22. Rad1 Bxb2 23. Rfe1+ Kf6 24. Bb3 Rhe8 25. Rxe8 Rxe8 26.
Kf1 a5 27. f4 Re4 28. g3 Rd4 29. Re1 Kg7 30. Re7+ Kg6 31. Re6+ Kg7 32. Re5 Rd2
33. Rxf5 Rxh2 34. Rxa5 Bd4 35. Rd5 Bf2 36. g4 Bg3 37. Rd7+ Kh8 38. f5 Bf4 39.
f6 Rd2 40. f7 Kg7 41. f8=Q+ Kxf8 42. Rf7+ Kg8 43. Rxf4+ Kg7 44. Rf7+ Kg6 45.
Rc7 Rd6 46. Bc2+ Kg5 47. Rg7+ Kh4 48. Bxh7 Rd4 49. Bf5 Kg3 50. Ke2 Rf4 51. Ke3
Rf3+ 52. Kd4 Ra3 53. Bd3  1-0

[Event "31. DSenEM2018-Gruppe-65"]
[Site "Radebeul"]
[Date "2019.04.28"]
[Round "3.56"]
[White "Nowack, Achim"]
[Black "Scharff, Klaus"]
[Result "0-1"]
[BlackElo "1918"]
[BlackTeam "SV Opladen"]
[EventDate "2019.??.??"]
[PlyCount "62"]
[WhiteElo "1696"]
[WhiteTeam "SK Kaltenkirchen"]

1. e4 e6 2. d3 g6 3. Nf3 Bg7 4. Be2 Ne7 5. O-O O-O 6. c3 d6 7. Bg5 f6 8. Be3 g5
9. Ne1 e5 10. d4 Be6 11. d5 Bf7 12. Bh5 Qe8 13. Bxf7+ Qxf7 14. Nd2 Nd7 15. c4
Qg6 16. g4 Qe8 17. Ng2 Ng6 18. Nb3 b6 19. Bd2 a5 20. Ne3 a4 21. Nc1 Nc5 22. f3
Nf4 23. Nf5 h5 24. Bxf4 exf4 25. h3 hxg4 26. hxg4 Qe5 27. Rf2 Kf7 28. Rh2 Rh8
29. Rxh8 Rxh8 30. Qd2 Nxe4 31. fxe4 Qxe4  0-1

[Event "31. DSenEM2018-Gruppe-65"]
[Site "Radebeul"]
[Date "2019.04.28"]
[Round "3.57"]
[White "Schleicher, Winfried"]
[Black "Blosze, Winfried"]
[Result "0-1"]
[BlackElo "1914"]
[BlackTeam "SV Großauheim"]
[EventDate "2019.??.??"]
[PlyCount "52"]
[WhiteElo "1352"]
[WhiteTeam "Lüneschach"]

1. d4 Nf6 2. Bf4 e6 3. e3 d5 4. Nf3 Bd6 5. Be5 O-O 6. Be2 c5 7. c3 Nc6 8. Bxd6
Qxd6 9. O-O b6 10. Na3 Bb7 11. c4 cxd4 12. Nb5 Qd7 13. Nbxd4 Rfd8 14. b3 e5 15.
Nxc6 Qxc6 16. Nxe5 Qc7 17. Nd3 dxc4 18. Rc1 c3 19. Qc2 Rac8 20. Rfd1 a5 21. Nf4
Rd2 22. Rxd2 cxd2 23. Qxd2 Qxc1+ 24. Qxc1 Rxc1+ 25. Bf1 Ba6 26. Nd3 Bxd3  0-1

[Event "31. DSenEM2018-Gruppe-65"]
[Site "Radebeul"]
[Date "2019.04.28"]
[Round "3.58"]
[White "Nosek, Reinhard"]
[Black "Krüger, Bernhard"]
[Result "1-0"]
[BlackElo "1717"]
[BlackTeam "SC Grunbach"]
[EventDate "2019.??.??"]
[PlyCount "83"]
[WhiteElo "1913"]
[WhiteTeam "SF Torgau"]

1. Nf3 Nf6 2. d4 g6 3. Bg5 Bg7 4. Nbd2 O-O 5. e4 d6 6. h3 Nbd7 7. Nc4 Nxe4 8.
Bh4 Nef6 9. Bd3 b6 10. Qe2 Bb7 11. O-O-O c5 12. Rhe1 Re8 13. Ne3 a6 14. dxc5
bxc5 15. Bc4 Nb6 16. Bxf7+ Kxf7 17. Ng5+ Kg8 18. Nf5 Qd7 19. Nxe7+ Rxe7 20.
Qxe7 Nfd5 21. Qxd7 Nxd7 22. Ne4 Be5 23. g3 Rb8 24. f4 Bg7 25. Nxd6 a5 26. Rd2
a4 27. a3 Bf8 28. Ne4 N7b6 29. Ree2 Nc4 30. Rxd5 Bxd5 31. Nf6+ Kf7 32. Nxd5 Na5
33. Re4 c4 34. Nb4 Rb7 35. Kd1 Rd7+ 36. Rd4 Rb7 37. g4 Bg7 38. Rd5 Nb3 39. Nc6
Rc7 40. Nd8+ Ke8 41. Ne6 Rd7 42. Rxd7  1-0

[Event "31. DSenEM2018-Gruppe-65"]
[Site "Radebeul"]
[Date "2019.04.28"]
[Round "3.59"]
[White "Partenheimer, Axel"]
[Black "Siewert, Wolfgang"]
[Result "1-0"]
[BlackElo "1807"]
[BlackTeam "SV Eiche Reichenbrand"]
[EventDate "2019.??.??"]
[PlyCount "55"]
[WhiteElo "2182"]
[WhiteTeam "Düsseldorfer SK"]

1. Nf3 c5 2. c4 g6 3. e4 Nc6 4. d4 cxd4 5. Nxd4 Bg7 6. Be3 Nf6 7. Nc3 Ng4 8.
Qxg4 Nxd4 9. Qd1 Ne6 10. Rc1 Qa5 11. Be2 O-O 12. O-O Bxc3 13. Rxc3 Qxa2 14. Qc2
Qa5 15. c5 Qc7 16. f4 f5 17. exf5 gxf5 18. Bc4 Rf7 19. b4 Qd8 20. Rd3 Qf8 21.
Bc1 Rf6 22. Bb2 Rg6 23. Qc3 Qf6 24. Qd2 Qf7 25. Rff3 Rb8 26. Rg3 b5 27. Rxg6+
hxg6 28. Rh3  1-0

[Event "31. DSenEM2018-Gruppe-65"]
[Site "Radebeul"]
[Date "2019.04.28"]
[Round "3.60"]
[White "Prause, Dieter"]
[Black "Fleischer, Matthias"]
[Result "0-1"]
[BlackElo "1923"]
[BlackTeam "SV Einheit Schwerin"]
[EventDate "2019.??.??"]
[PlyCount "96"]
[WhiteElo "1760"]
[WhiteTeam "SK Delbrück"]

1. c4 Nf6 2. Nc3 g6 3. Nf3 Bg7 4. d4 O-O 5. e4 d6 6. Be2 c5 7. O-O cxd4 8. Nxd4
Nc6 9. Be3 a6 10. Qd2 Ng4 11. Bxg4 Bxg4 12. f3 Bd7 13. Nxc6 bxc6 14. Rab1 Rb8
15. Kh1 Be6 16. b3 Re8 17. Bd4 f6 18. Na4 Qc7 19. Rfd1 Rb7 20. c5 Reb8 21. cxd6
exd6 22. Qc3 c5 23. Bxf6 Rb4 24. Bxg7 Qxg7 25. Qxg7+ Kxg7 26. Rxd6 Rxa4 27.
Rxe6 c4 28. Rc6 cxb3 29. axb3 Rxb3 30. Rbc1 Rb2 31. h4 Raa2 32. Rg1 Rf2 33. Rc5
a5 34. h5 a4 35. hxg6 hxg6 36. Rcc1 Rab2 37. Ra1 Rb4 38. Kh2 Rfb2 39. Kg3 a3
40. Kg4 a2 41. Rac1 Ra4 42. Rc7+ Kf6 43. Rc6+ Ke7 44. Rc7+ Kd6 45. Rcc1 Rf2 46.
f4 Re2 47. Rgd1+ Ke7 48. Ra1 Rxg2+  0-1

[Event "31. DSenEM2018-Gruppe-65"]
[Site "Radebeul"]
[Date "2019.04.28"]
[Round "3.61"]
[White "Rache, Ralf"]
[Black "Möws, Harald"]
[Result "1-0"]
[BlackElo "1737"]
[BlackTeam "SV Einheit Schwerin"]
[EventDate "2019.??.??"]
[PlyCount "105"]
[WhiteElo "1903"]
[WhiteTeam "Aachener SV"]

1. e4 e6 2. d4 c6 3. Nc3 a6 4. Nf3 Be7 5. Bd3 d6 6. Be3 Nd7 7. O-O Ngf6 8. h3 b5
9. a3 O-O 10. e5 dxe5 11. dxe5 Nd5 12. Nxd5 cxd5 13. c3 Bb7 14. Qc2 g6 15. Bh6
Re8 16. Rae1 Rc8 17. Nd4 Nc5 18. Re3 Nxd3 19. Qxd3 Bg5 20. Bxg5 Qxg5 21. f4 Qe7
22. Rg3 Qc5 23. Kh1 Qc4 24. Qf3 a5 25. f5 Rc7 26. f6 Kh8 27. Qe3 b4 28. axb4
axb4 29. Rf2 Qc5 30. Rg4 bxc3 31. Rh4 cxb2 32. Rxb2 Qc1+ 33. Qxc1 Rxc1+ 34. Kh2
Ba6 35. Nf3 h5 36. Ra4 Bd3 37. Ra7 Rf8 38. Ng5 Kg8 39. Rbb7 Rb1 40. Rxf7 Rxf7
41. Rxf7 Bf5 42. Rg7+ Kf8 43. Nh7+ Ke8 44. f7+ Kd7 45. f8=Q+ Kc6 46. Qd6+ Kb5
47. Rb7+ Kc4 48. Qc6+ Kd4 49. Nf6 Be4 50. Rxb1 Bxb1 51. Qxe6 Be4 52. Nxe4 Kxe4
53. Qd6  1-0

[Event "31. DSenEM2018-Gruppe-65"]
[Site "Radebeul"]
[Date "2019.04.28"]
[Round "3.62"]
[White "Gebuhr, Günter"]
[Black "Baensch, Frank"]
[Result "1-0"]
[BlackElo "1713"]
[BlackTeam "Schach macht fit"]
[EventDate "2019.??.??"]
[PlyCount "99"]
[WhiteElo "1883"]
[WhiteTeam "SSV Weimar"]

1. e4 c5 2. Nf3 d6 3. d4 cxd4 4. Nxd4 e5 5. Nb5 a6 6. N5c3 Be6 7. Be3 Nf6 8. Nd2
Nc6 9. Bc4 b5 10. Bd5 Rc8 11. Nf3 h6 12. O-O b4 13. Na4 Nd7 14. Qd2 a5 15. c3
Nc5 16. Nxc5 dxc5 17. Bxc6+ Rxc6 18. Qxd8+ Kxd8 19. Nxe5 Rc8 20. cxb4 axb4 21.
Rfd1+ Ke8 22. b3 Be7 23. Rac1 g5 24. Nc4 Kf8 25. Nd6 Ra8 26. Rc2 Kg7 27. Bxc5
Kg6 28. Bxb4 Rhd8 29. e5 Rab8 30. Ba5 Rd7 31. Rc7 Ra8 32. Rxd7 Bxd7 33. b4 Be6
34. a3 Rb8 35. g3 Bb3 36. Rc1 Bf8 37. f4 Ba4 38. f5+ Kg7 39. Rc7 Bxd6 40. exd6
Rd8 41. Rxf7+ Kxf7 42. Bxd8 Ke8 43. Be7 g4 44. Kf2 Bd7 45. f6 Kf7 46. Ke3 Kg6
47. Kf4 h5 48. Ke5 Be8 49. Ke6 Bf7+ 50. Kd7  1-0

[Event "31. DSenEM2018-Gruppe-65"]
[Site "Radebeul"]
[Date "2019.04.28"]
[Round "3.63"]
[White "Reimann, Günther"]
[Black "Scharff, Jürgen"]
[Result "1-0"]
[BlackElo "1693"]
[BlackTeam "SV Opladen"]
[EventDate "2019.??.??"]
[PlyCount "67"]
[WhiteElo "1880"]
[WhiteTeam "SC Magstadt"]

1. c4 e6 2. d3 Nf6 3. Nf3 d5 4. Nbd2 Nc6 5. g3 Bc5 6. Bg2 O-O 7. O-O Ne7 8. Nb3
b6 9. Nxc5 bxc5 10. Qc2 Nd7 11. cxd5 exd5 12. Bf4 Ng6 13. Bg5 f6 14. Bd2 c6 15.
Rac1 Ba6 16. b3 Rc8 17. Rfe1 Re8 18. Bh3 c4 19. bxc4 dxc4 20. dxc4 Qe7 21. Qa4
Bb7 22. Qxa7 Rb8 23. Qd4 Ndf8 24. Rb1 Red8 25. Qe3 Qf7 26. Qc3 Ra8 27. Qb3 Bc8
28. Bxc8 Rdxc8 29. c5 Ne6 30. Be3 Ngf8 31. Red1 Kh8 32. Nd4 h5 33. Nf5 Rcb8 34.
Qc4  1-0

[Event "31. DSenEM2018-Gruppe-65"]
[Site "Radebeul"]
[Date "2019.04.28"]
[Round "3.64"]
[White "Baumast, Bernd"]
[Black "Pöltelt, Helmut"]
[Result "1/2-1/2"]
[BlackElo "1711"]
[BlackTeam "SC Eintracht Berlin"]
[EventDate "2019.??.??"]
[PlyCount "51"]
[WhiteElo "1534"]
[WhiteTeam "SV Bad Oldesloe"]

1. b4 e5 2. Bb2 Bxb4 3. Bxe5 Nf6 4. e3 Nc6 5. Bb2 d5 6. a3 Be7 7. c4 Bf5 8. cxd5
Qxd5 9. Nc3 Qd7 10. Be2 O-O 11. Nf3 Bd3 12. O-O Rad8 13. Bxd3 Qxd3 14. Ne2 Ne4
15. Nf4 Qd6 16. d4 Ng5 17. Nxg5 Bxg5 18. Nh3 Bf6 19. Qh5 Qd5 20. Qxd5 Rxd5 21.
a4 a5 22. Nf4 Rdd8 23. Rfc1 g5 24. Nh5 Bh8 25. Ba3 Rfe8 26. Rab1  1/2-1/2

[Event "31. DSenEM2018-Gruppe-65"]
[Site "Radebeul"]
[Date "2019.04.28"]
[Round "3.65"]
[White "Bondick, Karl-Heinz"]
[Black "Andrasch, Peter"]
[Result "1-0"]
[BlackElo "1740"]
[BlackTeam "SF Nordost Berlin"]
[EventDate "2019.??.??"]
[PlyCount "79"]
[WhiteElo "1948"]
[WhiteTeam "USC Magdeburg"]

1. d4 d5 2. e4 c6 3. exd5 cxd5 4. c4 Nf6 5. c5 e6 6. Nc3 a6 7. Nf3 Nc6 8. Bf4
Be7 9. Bd3 Bd7 10. O-O Nh5 11. Qd2 Nxf4 12. Qxf4 f5 13. h4 Qb8 14. g3 Qxf4 15.
gxf4 Bf6 16. Ne2 Nb4 17. Rfd1 h6 18. a3 Nc6 19. b4 Ne7 20. a4 g5 21. fxg5 hxg5
22. hxg5 Rg8 23. Kf1 Bxg5 24. Ng3 Bf6 25. Nh5 Bh8 26. b5 a5 27. Ke2 Rg4 28. Ke3
Ng6 29. Rg1 Kf7 30. Rxg4 fxg4 31. Ng5+ Ke7 32. Bxg6 Rg8 33. Nf4 Kf6 34. Nh7+
Ke7 35. Rh1 Bg7 36. Rh5 Kd8 37. Bf7 Rf8 38. Nxf8 Bxf8 39. Nxe6+ Bxe6 40. Bxe6 
1-0

[Event "31. DSenEM2018-Gruppe-65"]
[Site "Radebeul"]
[Date "2019.04.28"]
[Round "3.66"]
[White "Meißner, Werner"]
[Black "Görden, Hans-Jürgen"]
[Result "1/2-1/2"]
[BlackElo "1863"]
[BlackTeam "SV Lok Dresden"]
[EventDate "2019.??.??"]
[PlyCount "26"]
[WhiteElo "1665"]
[WhiteTeam "SV TuR Dresden"]

1. e4 e5 2. Nf3 Nc6 3. d4 exd4 4. Bc4 Nf6 5. e5 Ne4 6. O-O d5 7. Bb5 Bd7 8. Bxc6
bxc6 9. Nxd4 Be7 10. f3 Ng5 11. f4 Ne4 12. Nd2 Nxd2 13. Bxd2 c5  1/2-1/2

[Event "31. DSenEM2018-Gruppe-65"]
[Site "Radebeul"]
[Date "2019.04.28"]
[Round "3.67"]
[White "Hoose, Hannelore"]
[Black "Schubert, Joachim"]
[Result "0-1"]
[BlackElo "1863"]
[BlackTeam "SC Friesen Lichtenberg"]
[EventDate "2019.??.??"]
[PlyCount "80"]
[WhiteElo "1674"]
[WhiteTeam "SC Vahr"]

1. e4 c5 2. Nc3 Nc6 3. Bb5 g6 4. g3 Bg7 5. Bxc6 dxc6 6. d3 e6 7. Qe2 Ne7 8. Bd2
b6 9. Nf3 O-O 10. Be3 Ba6 11. Qd2 f6 12. Bh6 Rf7 13. Bxg7 Kxg7 14. b3 Qd6 15.
O-O-O e5 16. Nh4 Raf8 17. g4 Qd4 18. Kb2 b5 19. Qe3 Qd6 20. Ne2 Nc8 21. f4 Ne7
22. Rdf1 c4 23. dxc4 bxc4 24. Rd1 Qc7 25. Qd2 cxb3 26. cxb3 Bxe2 27. Qxe2 exf4
28. Rd3 Qe5+ 29. Rc3 Nd5 30. Rc1 Nxc3 31. Rxc3 Re8 32. Nf3 Qxe4 33. Qxe4 Rxe4
34. Rxc6 Rd7 35. Rc2 Re3 36. Rc3 Kf7 37. h4 Rdd3 38. Rc7+ Ke6 39. g5 fxg5 40.
hxg5 Rxf3  0-1

[Event "31. DSenEM2018-Gruppe-65"]
[Site "Radebeul"]
[Date "2019.04.28"]
[Round "3.68"]
[White "Pundt, Wilfried"]
[Black "Fauth, Frank"]
[Result "0-1"]
[BlackElo "1671"]
[BlackTeam "SV Jena"]
[EventDate "2019.??.??"]
[PlyCount "90"]
[WhiteElo "1861"]
[WhiteTeam "SK Bremen-Nord"]

1. e4 d5 2. e5 c5 3. b4 b6 4. Nf3 e6 5. c3 Bd7 6. bxc5 bxc5 7. d4 Nc6 8. a3 Nge7
9. Bd3 Qb6 10. dxc5 Qc7 11. Nd4 Nxe5 12. O-O N7g6 13. Nb5 Qxc5 14. Be3 Qc8 15.
Be2 Bc5 16. Nd4 Bxd4 17. Bxd4 O-O 18. Nd2 a6 19. a4 Qc7 20. g3 Rfb8 21. h4 Nc6
22. h5 Nxd4 23. cxd4 Ne7 24. Rc1 Qa5 25. Bd3 Bxa4 26. Qe1 Rb2 27. Nf3 Qxe1 28.
Rfxe1 Bb5 29. Bxb5 Rxb5 30. Rc7 Nf5 31. Rec1 Rf8 32. Ra7 Nd6 33. Rxa6 Nc4 34.
Ra7 h6 35. Ne5 Nxe5 36. dxe5 Rb2 37. Kf1 Rb4 38. Rcc7 Rg4 39. Kg2 Rg5 40. f4
Rxh5 41. g4 Rh4 42. Kg3 Rh1 43. f5 Rg1+ 44. Kf3 h5 45. gxh5 Rf1+  0-1

[Event "31. DSenEM2018-Gruppe-65"]
[Site "Radebeul"]
[Date "2019.04.28"]
[Round "3.69"]
[White "Dellos, Peter"]
[Black "Portsch, Claudius"]
[Result "1-0"]
[BlackElo "1659"]
[BlackTeam "BSV Chemie Radebeul"]
[EventDate "2019.??.??"]
[PlyCount "86"]
[WhiteElo "1858"]
[WhiteTeam "SK Ricklingen"]

1. e4 e6 2. d4 d5 3. exd5 exd5 4. Nf3 Bd6 5. Bd3 Bg4 6. h3 Bh5 7. c3 Nd7 8. Be3
Ngf6 9. Nbd2 c6 10. Qc2 Qc7 11. O-O-O Qa5 12. Kb1 b5 13. Rde1 O-O 14. Nh4 Bg6
15. Nxg6 fxg6 16. g4 Qc7 17. Nf3 Ne4 18. Bxe4 dxe4 19. Ng5 Nf6 20. Ne6 Qe7 21.
Nxf8 Qxf8 22. g5 Nd5 23. Qxe4 Re8 24. Qc2 a5 25. h4 Qf7 26. Bc1 Rd8 27. Re2 a4
28. Qe4 Kf8 29. h5 Re8 30. Qxe8+ Qxe8 31. Rxe8+ Kxe8 32. hxg6 hxg6 33. Rh8+ Kf7
34. Kc2 Ne7 35. Kd3 Ke6 36. b3 axb3 37. axb3 Nd5 38. Rc8 Kd7 39. Rg8 Ke6 40.
Rxg7 Ne7 41. Ke4 Bh2 42. Ba3 Bd6 43. Bxd6 Kxd6  1-0

[Event "31. DSenEM2018-Gruppe-65"]
[Site "Radebeul"]
[Date "2019.04.28"]
[Round "3.70"]
[White "Josting, Friedel"]
[Black "Grube, Kurt"]
[Result "0-1"]
[BlackElo "1594"]
[BlackTeam "SG Osnabrück"]
[EventDate "2019.??.??"]
[PlyCount "88"]
[WhiteElo "1855"]
[WhiteTeam "SG Bünde"]

1. d4 Nf6 2. Nf3 d5 3. Bf4 c5 4. e3 e6 5. Nbd2 Nc6 6. c3 c4 7. Be2 Be7 8. h3 O-O
9. O-O b5 10. a4 b4 11. cxb4 Nxb4 12. Ne5 Nd7 13. Ndf3 f6 14. Ng4 h5 15. Ngh2
g5 16. Bg3 h4 17. Bxh4 gxh4 18. Nxh4 Rf7 19. Bh5 Rg7 20. f4 f5 21. N4f3 Nd3 22.
Qe2 Nf6 23. Ne5 Nxe5 24. fxe5 Ne4 25. Qd1 Bh4 26. Bf3 Ng3 27. Re1 Qg5 28. Ra3
Ne4 29. Rf1 Bg3 30. Bxe4 Bxh2+ 31. Kxh2 fxe4 32. Qe2 Qg3+ 33. Kh1 Ba6 34. Qf2
c3 35. Qxg3 Rxg3 36. Re1 c2 37. Kh2 Rg7 38. Rc3 Bd3 39. g4 Rf7 40. Kg3 a5 41.
Rc6 Re7 42. g5 Rb8 43. Kf2 Rxb2 44. h4 c1=Q+  0-1

[Event "31. DSenEM2018-Gruppe-65"]
[Site "Radebeul"]
[Date "2019.04.28"]
[Round "3.71"]
[White "Wolter, Günter"]
[Black "Deak-Willimsky, Emanuela"]
[Result "1-0"]
[BlackElo "1506"]
[BlackTeam "SF Furtwangen-Vöhrenbach"]
[EventDate "2019.??.??"]
[PlyCount "111"]
[WhiteElo "1849"]
[WhiteTeam "TSG Neustrelitz"]

1. e4 c5 2. Nc3 Nc6 3. g3 d6 4. Bg2 Bd7 5. d3 h6 6. f4 e5 7. f5 Nf6 8. Nf3 Qe7
9. Be3 O-O-O 10. Qd2 Kb8 11. O-O-O Ng4 12. Nd5 Qe8 13. Bg1 Rc8 14. Kb1 Qd8 15.
a3 Nf6 16. Ne3 Be7 17. Bf2 g6 18. Nh4 g5 19. Nf3 g4 20. Ng1 h5 21. Ne2 Nd4 22.
Nc3 Bc6 23. Ncd5 Nf3 24. Bxf3 gxf3 25. Nxf6 Bxf6 26. c4 h4 27. g4 Bg5 28. h3 f6
29. Rdf1 b6 30. Qd1 Qe8 31. b3 Rd8 32. Qxf3 b5 33. Nc2 Qf7 34. Be3 Qh7 35. Ka2
Ka8 36. Bxg5 fxg5 37. Ne3 Rb8 38. Rb1 bxc4 39. Nxc4 Qc7 40. Qe3 Rb7 41. Qxg5
Rhb8 42. Qd2 d5 43. Na5 Rb6 44. Nxc6 Qxc6 45. Qc2 dxe4 46. dxe4 Rd8 47. Rhd1
Rd4 48. Rxd4 cxd4 49. Rc1 Kb7 50. Qxc6+ Rxc6 51. Rxc6 Kxc6 52. g5 d3 53. Kb2
Kc5 54. Kc3 d2 55. Kxd2 Kd4 56. f6  1-0

[Event "31. DSenEM2018-Gruppe-65"]
[Site "Radebeul"]
[Date "2019.04.28"]
[Round "3.72"]
[White "Bouma, Jan"]
[Black "Ehlert, Joachim"]
[Result "0-1"]
[BlackElo "1918"]
[BlackTeam "SV Lok Dresden"]
[EventDate "2019.??.??"]
[PlyCount "68"]
[WhiteElo "1546"]
[WhiteTeam "SF Korbach"]

1. d4 Nf6 2. c4 g6 3. Nc3 Bg7 4. Nf3 O-O 5. e3 d6 6. Be2 Na6 7. a3 c5 8. O-O Bd7
9. h3 Bc6 10. d5 Bd7 11. Bd3 Nc7 12. Re1 a6 13. e4 b5 14. Na2 Rb8 15. e5 Nfe8
16. Bf4 bxc4 17. Bxc4 Rxb2 18. Qd3 Bf5 19. Qe3 Rb6 20. Rac1 Bd7 21. Bh6 Bb5 22.
Bxg7 Kxg7 23. Qe4 Bxc4 24. Rxc4 e6 25. Nc3 f5 26. Qd3 dxe5 27. Rxe5 Nf6 28.
Rxc5 Rd6 29. Qd4 Kg8 30. Qc4 Ncxd5 31. Ng5 Nd7 32. Nxe6 Nxe5 33. Nxd8 Nxc4 34.
Ne6 Rxe6  0-1

[Event "31. DSenEM2018-Gruppe-65"]
[Site "Radebeul"]
[Date "2019.04.28"]
[Round "3.73"]
[White "Wolke, Reimund"]
[Black "Rudolph, Karl-Heinz"]
[Result "1/2-1/2"]
[BlackElo "1642"]
[BlackTeam "SV Irxleben"]
[EventDate "2019.??.??"]
[PlyCount "129"]
[WhiteElo "1916"]
[WhiteTeam "Hamburger SK"]

1. e4 c5 2. c3 Nc6 3. d4 d5 4. exd5 Qxd5 5. Nf3 Bg4 6. Be2 Nf6 7. O-O e6 8. h3
Bxf3 9. Bxf3 Qd7 10. Be3 cxd4 11. cxd4 Be7 12. Nc3 O-O 13. d5 exd5 14. Nxd5
Nxd5 15. Qxd5 Qxd5 16. Bxd5 Bf6 17. Rab1 Rfd8 18. Bxc6 bxc6 19. b3 h6 20. Rbc1
Rd6 21. Rc4 a5 22. Rfc1 Ra6 23. Kf1 Re6 24. Bc5 Bg5 25. Re1 Bd2 26. Rxe6 fxe6
27. Ke2 Bb4 28. Be3 Kf7 29. Kf3 g5 30. h4 Be7 31. hxg5 hxg5 32. Kg4 Kg6 33. Bc5
Bf6 34. Kf3 Kf5 35. g4+ Kg6 36. Ke4 Kf7 37. Bd6 Rb6 38. Bc7 Rb4 39. Bxa5 Rb5
40. Bc3 Bxc3 41. Rxc3 c5 42. Rc4 Kf6 43. Ra4 Rb6 44. Ra8 Rb4+ 45. Kd3 Ke5 46.
Ra4 Kd5 47. Ra8 Rb7 48. f3 Rf7 49. Ke3 Rh7 50. Rd8+ Ke5 51. Rd2 Rh1 52. Rc2 Kd5
53. Rc4 Re1+ 54. Kd2 Rb1 55. Kc2 Rf1 56. Rc3 Rf2+ 57. Kb1 Rf1+ 58. Kb2 Rf2+ 59.
Ka3 Rd2 60. Re3 e5 61. Rc3 Rd4 62. Kb2 Rd2+ 63. Rc2 Rd3 64. Rf2 Kd4 65. a4 
1/2-1/2

[Event "31. DSenEM2018-Gruppe-65"]
[Site "Radebeul"]
[Date "2019.04.28"]
[Round "3.74"]
[White "Richter, Stefan"]
[Black "Schmitt, Karl"]
[Result "1/2-1/2"]
[BlackElo "1884"]
[BlackTeam "Bergische SF"]
[EventDate "2019.??.??"]
[PlyCount "109"]
[WhiteElo "1631"]
[WhiteTeam "SZ Langenberg"]

1. e4 c5 2. Bc4 e6 3. Nc3 a6 4. a4 Nc6 5. Nf3 d6 6. d4 cxd4 7. Nxd4 Nf6 8. Nxc6
bxc6 9. Bg5 Be7 10. Bd3 h6 11. Bh4 Qc7 12. O-O e5 13. Kh1 O-O 14. Bxf6 Bxf6 15.
f4 exf4 16. Rxf4 Be5 17. Rf1 Rb8 18. Rb1 a5 19. Bc4 Qe7 20. Qh5 Be6 21. Bd3 Rb7
22. Nd1 Rfb8 23. b3 c5 24. Ne3 Qg5 25. Qf3 Qh4 26. g3 Qd8 27. Bc4 Bxc4 28. Nxc4
Bd4 29. Qf4 Rd7 30. e5 dxe5 31. Nxe5 Bxe5 32. Qxe5 Rd5 33. Qf4 Rb7 34. Qf3 Rbd7
35. Rf2 R5d6 36. Qe3 Qa8+ 37. Kg1 Rd1+ 38. Rxd1 Rxd1+ 39. Rf1 Rxf1+ 40. Kxf1
Qh1+ 41. Ke2 Qxh2+ 42. Kd3 Qh5 43. Kc4 Qf5 44. Qe8+ Kh7 45. Qe2 h5 46. Kb5 c4+
47. Kxc4 g5 48. Qxh5+ Kg7 49. Qd1 g4 50. Qd4+ f6 51. c3 Qf3 52. Qd7+ Kh6 53.
Qd2+ Kg7 54. Qd7+ Kh6 55. Qd2+  1/2-1/2

[Event "31. DSenEM2018-Gruppe-65"]
[Site "Radebeul"]
[Date "2019.04.28"]
[Round "3.75"]
[White "Ollek, Karl-Heinz"]
[Black "Richter, Andreas"]
[Result "1-0"]
[BlackElo "1814"]
[BlackTeam "BSV Chemie Radebeul"]
[EventDate "2019.??.??"]
[PlyCount "87"]
[WhiteElo "1626"]
[WhiteTeam "SC Friesen Lichtenberg"]

1. c4 Nf6 2. Nc3 g6 3. d4 d5 4. Nf3 Bg7 5. e3 O-O 6. Bd3 dxc4 7. Bxc4 c5 8. h3
cxd4 9. Nxd4 Qc7 10. Qe2 a6 11. a4 e5 12. Nc2 Nc6 13. O-O Na5 14. Ba2 Re8 15.
e4 Bd7 16. Ne3 Bc6 17. Ned5 Nxd5 18. exd5 Bd7 19. Ne4 Bf5 20. b4 Nc6 21. dxc6
Qxc6 22. Ng5 Be6 23. Bxe6 fxe6 24. Bb2 h6 25. Ne4 Rad8 26. b5 axb5 27. Rac1 Qd5
28. Rfd1 Qb3 29. Rxd8 Rxd8 30. Qxb5 Qd5 31. Ng3 Qd2 32. Qe2 Qa5 33. Qc4 Rd2 34.
Qxe6+ Kh7 35. Rc8 h5 36. Bc3 Rd1+ 37. Kh2 Qd5 38. Qxd5 Rxd5 39. Rc7 Rd3 40.
Bxe5 Ra3 41. Rxg7+ Kh6 42. Rxb7 Rxa4 43. Bg7+ Kg5 44. Rb5+  1-0